00821 am a2200241 a 450000500170000000800410001702000150005804100080007324500630008125000110014426000300015530000110018550000990019665300260029565300270032165300380034865300270038665300670041370000220048070000370050270000230053970000170056220240523111533.0100315s1997||||waud f |||| 001 0 spa d a9275322066 aspa aInfecciones respiratorias en niños / cYehuda Benguigui a1a ed. aWashington: bOPS;c1997. a494 p. aBenguigui, Y. et al. (1997). Infecciones respiratorias en niños. (1a ed.). Washington : OPS. aMagnitud del problema aAspectos etiológicos aAspectos clínicos y tratamiento aPrevención y control aDesarrollo de las acciones de control de las IRA a nivel local1 aBenguigui, Yehuda1 aLópez Antuñano, Francisco J.1 aSchmunis, Gabriel.1 aYunes, Joao.